<?xml version="1.0" encoding="UTF-8"?>
<record
    xmlns:xsi="http://www.w3.org/2001/XMLSchema-instance"
    xsi:schemaLocation="http://www.loc.gov/MARC21/slim http://www.loc.gov/standards/marcxml/schema/MARC21slim.xsd"
    xmlns="http://www.loc.gov/MARC21/slim">

  <leader>01649nam a2200253Ia 4500</leader>
  <controlfield tag="001">b5699-38484 </controlfield>
  <controlfield tag="003">IT-MiCISF</controlfield>
  <controlfield tag="005">20250603194723.0</controlfield>
  <controlfield tag="008">161014s9999||||xx |||||||||||||| ||und||</controlfield>
  <datafield tag="040" ind1=" " ind2=" ">
    <subfield code="a">IT-MiCISF</subfield>
    <subfield code="c">IT-MiCISF</subfield>
  </datafield>
  <datafield tag="041" ind1=" " ind2=" ">
    <subfield code="a">it</subfield>
  </datafield>
  <datafield tag="100" ind1=" " ind2=" ">
    <subfield code="a">Compagnoni Francesco, D'Agostino Francesco (a cura di)</subfield>
    <subfield code="9">62231</subfield>
  </datafield>
  <datafield tag="245" ind1=" " ind2="0">
    <subfield code="a">Il confronto interculturale: dibattiti bioetici e pratiche giuridiche.</subfield>
    <subfield code="b">Bioetica, diritti umani e multietnicit&#xE0;</subfield>
  </datafield>
  <datafield tag="260" ind1=" " ind2=" ">
    <subfield code="a">Cinisello B. (MI),</subfield>
    <subfield code="b">San Paolo,</subfield>
    <subfield code="c">2003</subfield>
  </datafield>
  <datafield tag="300" ind1=" " ind2=" ">
    <subfield code="a">pp. 440</subfield>
  </datafield>
  <datafield tag="500" ind1=" " ind2=" ">
    <subfield code="a">/ bioetica, diritti-umani, cultura, societ&#xE0;, famiglia-migranti, mutilazioni-sessuali, matrimonio-misto, procreazione-artificiale, rapporti-paziente-terapeuta, religioni-non-cristiane / </subfield>
  </datafield>
  <datafield tag="520" ind1=" " ind2=" ">
    <subfield code="a">Il nodo teorico che guida questa ricerca  &#xE8; il tentativo di rispondere alla domanda: la pluralit&#xE0; di bioetiche nelle diverse culture compresenti in una stessa societ&#xE0; annulla o ammette la possibilit&#xE0; di parlare di una bioetica transculturale? E' questa la domanda guida per affrontare la ricerca biogiuridica, sia sul piano teorico che su quello pratico applicato a singole questioni attualmente di particolare rilievo: le mutilazioni sessuali, le pratiche riproduttive, le biotecnologie, la salute mentale, la morte e l'inumazione, la bioetica islamica. </subfield>
  </datafield>
  <datafield tag="650" ind1=" " ind2=" ">
    <subfield code="a">Bioetica</subfield>
    <subfield code="e">011</subfield>
  </datafield>
  <datafield tag="654" ind1=" " ind2=" ">
    <subfield code="a">saggio</subfield>
  </datafield>
  <datafield tag="700" ind1=" " ind2=" ">
    <subfield code="a">D'Agostino F., Palazzani L., Sala R., Trujillo I., Marini L., Lugato M., Scillitani L., Gambino G., Topa M., Mele V., </subfield>
    <subfield code="a">Mordini E., Atighetchi D., Bauzon S., Mucciconi I.T. </subfield>
    <subfield code="9">62232</subfield>
  </datafield>
  <datafield tag="700" ind1=" " ind2=" ">
    <subfield code="a">Palazzani Laura (a cura di)</subfield>
    <subfield code="9">62233</subfield>
  </datafield>
  <datafield tag="942" ind1=" " ind2=" ">
    <subfield code="c">BK</subfield>
    <subfield code="2">ddc</subfield>
  </datafield>
  <datafield tag="999" ind1=" " ind2=" ">
    <subfield code="c">211423</subfield>
    <subfield code="d">211423</subfield>
  </datafield>
  <datafield tag="999" ind1=" " ind2=" ">
    <subfield code="b">si</subfield>
  </datafield>
  <datafield tag="952" ind1=" " ind2=" ">
    <subfield code="0">0</subfield>
    <subfield code="1">0</subfield>
    <subfield code="4">0</subfield>
    <subfield code="6">B_569938484</subfield>
    <subfield code="7">1</subfield>
    <subfield code="a">CISF</subfield>
    <subfield code="b">CISF</subfield>
    <subfield code="d">2016-10-14</subfield>
    <subfield code="l">0</subfield>
    <subfield code="o">b5699-38484 </subfield>
    <subfield code="r">2016-10-14 00:00:00</subfield>
    <subfield code="w">2016-10-14</subfield>
    <subfield code="y">BK</subfield>
    <subfield code="z">Data import 15.10.2016 / by Epidotti, Vaglietti</subfield>
  </datafield>
</record>
